000 00665nam a2200253Ia 4500
003 OSt
005 20221007075714.0
006 a|||||r|||| 00| 0
007 ta
008 221006b |||||||| |||| 00| 0 eng d
024 _a40,577
037 _cTextual
040 _aFLL
_cFLL
_beng
041 _2eng
_aeng
082 _aZ2,81, Q2
100 _aVerma S.K. Ed.
245 0 _aFifty years of the supreme court of India
250 _a6th
260 _aNew Delhi
_bOxford Univeristy Press India
_c2012
300 _axviii,832p
_ccm.
700 _a Kusum
942 _hZ2,81, Q2
_cTEXL
_2CC
999 _c1157078
_d1157078